|
|
|
|
| LEADER |
00000ny a22000003n 4500 |
| 005 |
2011061402422.0 |
| 008 |
A10218s1998 sp || 000|0 spa d |
| 017 |
|
|
|a D.L.B45941-98
|
| 020 |
|
|
|a 9788495027436
|
| 035 |
|
|
|a 3265
|
| 040 |
|
|
|a BUS
|d vLex
|
| 080 |
|
|
|a 347.82(460)
|
| 090 |
|
|
|c 662
|d 662
|
| 100 |
1 |
|
|a Parada Vz̀quez, Jos ̌Daniel
|
| 245 |
1 |
3 |
|a La relacin̤ jurd̕ica aeronùtica
|h [Recurso electrn̤ico]
|b aspectos jurd̕icos administrativos, aeronùticos, civiles, constitucionales, fiscales, hipotecarios, internacionales, mecantiles, laborales, penales y registrales /
|c Jos ̌Daniel Parada Vz̀quez
|
| 256 |
|
|
|a Servicio en ln̕ea
|
| 260 |
|
|
|a Barcelona :
|b Cedecs,
|c 1998
|
| 300 |
|
|
|a 463 p. ;
|c 24 cm
|
| 490 |
1 |
|
|a Derecho civil
|
| 504 |
|
|
|a Bibliog.
|
| 506 |
1 |
|
|a Contenido solo disponible en los productos indicados
|d vLex Global
|d vLex Global (Academic Edition, excluding Law Schools)
|d vLex Global (U.S. Academic Edition, Law Schools)
|d vLex Global (U.S. Academic Edition, excluding Law Schools)
|d vLex Global (Academic Edition, Law Schools)
|
| 650 |
0 |
7 |
|a Contratos
|2 Tesauro vLex
|
| 650 |
0 |
7 |
|a Derecho aeronùtico
|2 Tesauro vLex
|
| 650 |
0 |
7 |
|a Contratos ařeos
|2 Tesauro vLex
|
| 740 |
0 |
|
|a vLex Libros (Servicios en ln̕ea)
|
| 830 |
|
0 |
|a Derecho civil (Cedecs)
|
| 856 |
4 |
0 |
|u http://vlex.com/source/3265
|z Acceso restringido
|
| 942 |
|
|
|c BOOK
|
| 999 |
0 |
|
|a Contracts
|b Barcelona
|